| 000 | 00569nam a2200205Ia 4500 | ||
|---|---|---|---|
| 005 | 20250508163940.0 | ||
| 008 | 008 250505s9999 xx 000 0 hin d | ||
| 037 | _aTextBook | ||
| 040 |
_aFEDL _beng _cFEDL |
||
| 041 |
_ahin _2eng |
||
| 084 |
_a371.2, HAR _qFEDL |
||
| 100 | _aHarivansh Tarun | ||
| 245 | 0 | _aVidhyalaya - prabandh avem swasthya - shiksha | |
| 260 |
_aNew Delhi, India _bPrakashan Sansthan _c2000 |
||
| 300 | _a192p | ||
| 365 |
_aINR _b175 |
||
| 650 | _aSchool Administration | ||
| 942 |
_cTB _h371.2, HAR |
||
| 999 |
_c1386238 _d1386238 |
||